[Event "Olympiad-43"]
[Site "Batumi"]
[Date "2018.09.24"]
[Round "1.2"]
[White "Baules, Jorge"]
[Black "Nakamura, Hikaru"]
[Result "0-1"]
[WhiteElo "2358"]
[BlackElo "2763"]
[Annotator "Ganguly, Surya Sekhar "]
[PlyCount "50"]
[EventDate "2018.09.24"]
[EventType "team-swiss"]
[EventRounds "11"]
[EventCountry "GEO"]
[SourceTitle "CBM 187"]
[Source "ChessBase"]
[SourceDate "2018.12.11"]
[SourceVersion "1"]
[SourceVersionDate "2018.12.11"]
[SourceQuality "1"]
[WhiteTeam "Panama"]
[BlackTeam "US of America"]
[WhiteTeamCountry "PAN"]
[BlackTeamCountry "USA"]

1. d4 Nf6 2. c4 e6 3. Nc3 Bb4 4. Qc2 b6 $5 {Mostly we see 4...0-0, 4...d5 or 4.
..c5 in practice, and rather rarely this continuation has been tried as
compared to the three moves mentioned. Vallejo was playing this line a lot at
some point, and then it was also taken up by Ding, Wei Yi, Wojtaszek,
Ponomariov, Morozevich etc. That shows the potential of this line. It is
typically played when looking for more complex and dynamic positions.} 5. e4 {
The most natural response.} (5. a3 Bxc3+ 6. Qxc3 Bb7 {is another direction of
course.}) 5... c5 6. e5 (6. d5 {is also a critical test for Black in this
system:} Qe7 7. Nge2 (7. Be2 d6 8. Nf3 (8. a3 Bxc3+ 9. Qxc3 O-O 10. f3 exd5 11.
exd5 Re8 $17 {0-1 (22) Walter,S (2406)-Wojtaszek,R (2746) Germany 2016}) 8...
Bxc3+ 9. Qxc3 O-O 10. Bg5 Nbd7 $132 {1/2-1/2 (29) Narciso Dublan,M (2482)
-Vallejo Pons,F (2713) Linares 2016}) 7... exd5 8. exd5 O-O 9. Bd2 d6 {was
played by Wei Yi and Tomashevsky recently. This would need further tests from
both sides.}) 6... cxd4 7. a3 Bxc3+ 8. bxc3 Ng8 {A funny position. After 8
moves only one lonely queen is developed for White while all black pieces are
on their initial squares. 32 games have reached this position and even in
correspondence chess Black has decent scores which underlines the solidity of
his position.} 9. cxd4 (9. Qe4 Nc6 10. cxd4 {was tried in Correspondence chess
and here after the nice} d5 {Black managed to get a comfortable game}) 9... Bb7
{At first glance optically, it feels like White should get some concrete
advantage. After all he controls the centre and has the two bishops. However,
on a closer look it turns out White's centre could easily be a target for
Black, while he himself doesn't have any obvious weakness.} 10. Nf3 $6 {
First of all this is a bad move as it creates a bad structure for White thus
giving Black more targets, and Hikaru is also the last person to shy away from
giving up bishops for knights.} (10. Qd1 $5 {[%cal Gg1f3] Funny and weird but
it does have a point! White surely wants to develop his kingside pieces and
the most sensible way would be to put the knight on f3 and bishop on d3. In
order to achieve this, this weird move comes into consideration.} d5 (10... Ne7
11. Nf3 {If Black goes automatic} O-O $6 {, then after} 12. Bd3 {he is already
in trouble, with Bxh7+ in the air.}) 11. exd6 Qxd6 12. Nf3 Ne7 {and a normal
position has been reached. Black has no weaknesses and White has the bishop
pair. Somewhat like the Karpov system in the Nimzo.}) (10. Ne2 Nc6 11. Be3 Nge7
12. Ng3 d5 {also gives Black a standard play.}) 10... Bxf3 {Of course!} 11.
gxf3 Nc6 12. Bb2 (12. d5 $1 {is not an easy move to play when you are facing a
guy who is more than 400 points higher than you, but then it’s better to be
active than suffer in a passive position for long time.} Nxe5 (12... Nd4 {
I am pretty sure Hikaru would have played the strongest move here, not
accepting the pawn sac.} 13. Qd1 Nf5 14. Bd3 Nge7 15. f4 {leads to a
dynamically balanced position.}) 13. Bb2 $1 {At least the bishop has got a
long range now :)} Qf6 (13... Nxf3+ $2 14. Ke2 $18 {could lead to some Morphy
like games!}) 14. O-O-O Qf4+ {Or else Black is just worse.} 15. Qd2 Qxd2+ 16.
Rxd2 f6 $8 17. f4 Ng6 (17... Nf3 18. Re2) 18. dxe6 dxe6 19. f5 $1 exf5 20. c5
$1 {is an amusing computer generated line for which I take no credit. White,
in order to take the advantage out of the two bishops, had to give away every
single central pawn and that was very instructive.}) 12... Nge7 13. Rg1 Rc8 {
Sharp as always! Hikaru goes for the most dynamic solution.} (13... O-O 14. d5
Na5 {It is understandable that Hikaru did not want to put his knight on the
edge inviting a kingside attack for White which can easily turn out to be
dangerous. However, Black has enough resources here to stay solid.} 15. Rd1 Nf5
16. Bd3 g6 $132 {[%csl Rc4]}) 14. Qe4 $6 {Now finally Black takes over as he
gets enough time to consolidate. Soon White's pawn weakness will start to be a
real pain.} (14. Rxg7 {Here both ...Ng6 and ...Nf5 are tempting, and it would
be hard to tell what Hikaru had in mind.} Nf5 {I would say this is most human.}
(14... Ng6 {[%cal Ge8f8] is the cold-blooded computer way.} 15. d5 Nce7 16. Rd1
Nxd5 $1 (16... Nf5 17. dxe6 $18) 17. Rxd5 exd5 18. Qf5 Rf8 19. cxd5 Rc5 {
Apparently Black is slightly better. I personally would have opted for 14...
Nf5 had I seen this line!}) 15. Rg4 h5 {and Black gets good compensation like
in some lines in the French.}) (14. d5 $1 {Deflection. White first makes sure
there will be no ...Nf5 after Rxg7.} exd5 (14... Na5 15. dxe6 fxe6 (15... dxe6
16. Rd1) 16. Rxg7) 15. Rxg7 Ng6 16. e6 d4 $8 {I bet this line would have never
occurred to either of the players :)} 17. exf7+ Kf8 18. Rg8+ Rxg8 {although on
second thoughts Hikaru might have seen it thanks to his recent Fischer Random
tournament :)} 19. fxg8=Q+ Kxg8 20. O-O-O Qf6 {and Black is ok but so is White.
}) 14... Nf5 15. Bh3 Nce7 {The most human reaction.} (15... Na5 {The engine
prefers this.} 16. Bxf5 exf5 17. Qxf5 g6 $17 {[%cal Ga5c4]}) 16. d5 b5 $1 {
Hits right on the weakest spot. Now the centre falls apart.} 17. dxe6 Qa5+ $1 {
Pretty much everything wins, but why not be perfect just in case!} 18. Kf1 dxe6
19. Qb7 O-O 20. Rd1 bxc4 21. Bc1 Qxe5 22. Rd7 Rcd8 {Going for a nice artistic
finish.} 23. Rxe7 Rd1+ 24. Kg2 Nh4+ 25. Kh1 Qe1 {A lovely game by Hikaru from
start to finish.} 0-1

[Event "Gibraltar Masters 17th"]
[Site "Caleta"]
[Date "2019.01.27"]
[Round "6"]
[White "Nakamura, Hikaru"]
[Black "Iturrizaga Bonelli, Eduardo"]
[Result "1-0"]
[WhiteElo "2749"]
[BlackElo "2637"]
[Annotator "Krasenkow,M"]
[PlyCount "57"]
[EventDate "2019.01.22"]
[EventType "swiss"]
[EventRounds "10"]
[EventCountry "GGB"]
[SourceTitle "CBM 188 Extra"]
[Source "ChessBase"]
[SourceDate "2019.02.26"]
[SourceVersion "1"]
[SourceVersionDate "2019.02.26"]
[SourceQuality "1"]

{[%evp 0,57,19,34,28,0,-3,6,27,14,10,6,12,13,-2,6,35,27,30,20,24,22,28,-5,42,0,
5,3,25,9,6,13,41,10,19,10,6,-21,-17,-69,-83,-58,-26,-12,-12,-68,-35,41,33,18,1,
0,0,78,217,238,289,366,387,194]} 1. d4 Nf6 2. c4 e6 3. Nf3 b6 4. g3 Bb7 5. Bg2
Be7 6. O-O O-O 7. Re1 Qc8 8. Nc3 Ne4 9. Bf4 $5 {A relatively new strong move.
White allows Black to double his c-pawns but plans a pawn advance in the
centre.} (9. Bd2) ({and} 9. Qc2 {are usual continuations.}) 9... Nxc3 (9... d6
$5 10. Rc1 Bf6 ({but not} 10... Nxc3 11. Rxc3 e5 12. dxe5 dxe5 13. Bxe5 f6 14.
Bf4 Bb4 15. c5 $5 {, and White obtains an excellent compensation for the
exchange})) 10. bxc3 Be4 (10... f5 11. d5 {[%cal Ye2e4]}) 11. Bf1 {[%cal Yf3d2,
Ye2e4]} (11. Bh3 $5 {is an interesting alternative.}) 11... Bd6 (11... Bxf3 12.
exf3 {[%cal Ge1e8]} Nc6 13. Bd3 Na5 14. Qc2 g6 15. h4 Bf6 16. h5 Bg7 17. Kg2 {
[%cal Ye1h1]} d6 18. hxg6 hxg6 19. Qd2 f5 20. Bh6 Rf7 21. Qg5 $18 {->: 1-0 (29)
Feller,S (2622)-Filip,L (2419) Plancoet 2015}) 12. Bc1 c5 (12... Be7 13. Nd2
Bb7 14. e4 d6 $14 {was passive but safer.}) 13. d5 $1 {[%csl Re4]} exd5 14.
cxd5 Re8 15. c4 Qa6 (15... Bxf3 $142 16. exf3 Be5 17. Rb1 d6 $14) 16. Nd2 $1 {
[%mdl 512]} Be5 {Black wins an exchange but White obtains full domination.} (
16... Bg6 17. f4 $16 {[%cal Ye2e4]} Re3 18. Kf2 $1) 17. Nxe4 Bxa1 18. Nd6 Rf8
19. e4 Be5 20. Bf4 Bxd6 21. Bxd6 {[%csl Gd6]} Re8 22. e5 Qxa2 23. Re4 Na6 {
A desperate attempt to develop Black's queenside; it is too late as White
creates a decisive attack against Black's unprotected king.} 24. Rg4 {[%mdl
128]} Qb2 25. Qf3 Nb4 26. Qf6 g6 27. h4 h5 28. Rf4 Rf8 29. g4 $1 (29. g4 hxg4
30. h5 $18) 1-0

[Event "chess.com Speed"]
[Site "Chess.com INT"]
[Date "2019.10.02"]
[Round "1.27"]
[White "Nakamura, Hikaru"]
[Black "Dobrov, Vladimir"]
[Result "1-0"]
[WhiteElo "2745"]
[BlackElo "2478"]
[PlyCount "99"]
[EventDate "2019.09.02"]
[EventType "k.o. (blitz)"]
[EventRounds "4"]
[EventCountry "USA"]
[SourceTitle "EXT 2020"]
[Source "ChessBase"]
[SourceDate "2019.10.17"]
[SourceVersion "1"]
[SourceVersionDate "2019.10.17"]
[SourceQuality "1"]

1. b3 d5 2. Bb2 Bg4 3. Nf3 Bxf3 4. exf3 Nd7 5. g3 Ngf6 6. f4 g6 7. Bg2 c6 8.
O-O Bg7 9. d3 O-O 10. Nd2 Ne8 11. d4 Nd6 12. Nf3 a5 13. a3 a4 14. Ne5 Re8 15.
Re1 e6 16. h4 h5 17. Bh3 Nf5 18. b4 Bxe5 19. fxe5 Nb6 20. Bc1 Nc4 21. Bg5 Qb6
22. c3 Kh7 23. Bf6 Rh8 24. Qc1 Qc7 25. Qg5 Qd7 26. Re2 Ng7 27. Kg2 Kg8 28. Ree1
Rh7 29. Kh2 Re8 30. Bf1 b5 31. Bd3 Nf5 32. Kg2 Nh6 33. f3 Kf8 34. Re2 Ng8 35.
g4 Nxf6 36. exf6 Qd6 37. Bxc4 dxc4 38. Re5 Rd8 39. Rae1 Ke8 40. Rxe6+ fxe6 41.
Qxg6+ Rf7 42. g5 Qf8 43. Rxe6+ Kd7 44. Qe4 Kc7 45. Qxc6+ Kb8 46. Qxb5+ Rb7 47.
Rb6 Rdd7 48. Qxd7 Rxb6 49. f7 Rd6 50. Qe8+ 1-0

[Event "chess.com Speed"]
[Site "Chess.com INT"]
[Date "2020.01.05"]
[Round "3.11"]
[White "Nakamura, Hikaru"]
[Black "Nepomniachtchi, Ian"]
[Result "1-0"]
[WhiteElo "2745"]
[BlackElo "2776"]
[PlyCount "151"]
[EventDate "2019.09.02"]
[EventType "k.o. (blitz)"]
[EventRounds "4"]
[EventCountry "USA"]
[SourceTitle "CBM 195 Extra"]
[Source "ChessBase"]
[SourceDate "2020.05.31"]
[SourceVersion "1"]
[SourceVersionDate "2020.05.31"]
[SourceQuality "1"]

1. e4 c5 2. Nf3 d6 3. Bb5+ Nd7 4. Ba4 Ngf6 5. O-O a6 6. d3 b5 7. Bb3 e6 8. c3
Bb7 9. Re1 Be7 10. Nbd2 O-O 11. Nf1 c4 12. dxc4 bxc4 13. Bc2 Nc5 14. Ng3 Nfd7
15. Qe2 Nb6 16. e5 Bxf3 17. Qxf3 dxe5 18. Rxe5 Nd3 19. Re2 Qd5 20. Qxd5 Nxd5
21. Bxd3 cxd3 22. Rd2 Nf4 23. Rd1 Ne2+ 24. Nxe2 dxe2 25. Re1 Rfd8 26. Be3 Rab8
27. Rxe2 e5 28. f3 f6 29. Kf1 Kf7 30. Ke1 h5 31. Rd1 Ke6 32. Rxd8 Bxd8 33. Kd1
g5 34. b4 Bc7 35. Kc2 g4 36. a4 Kf5 37. Kb3 h4 38. fxg4+ Kxg4 39. h3+ Kf5 40.
c4 e4 41. b5 Ke6 42. Kb4 f5 43. c5 axb5 44. axb5 f4 45. Bc1 Kf5 46. Rf2 Kg5 47.
Kc4 e3 48. Ra2 Kf5 49. c6 Ke4 50. Bb2 Rd8 51. Bc3 Rd3 52. Be1 Rd1 53. Bxh4 Rc1+
54. Kb3 Kd3 55. Ra7 Rc3+ 56. Kb4 Rc4+ 57. Kb3 Rc3+ 58. Kb2 Be5 59. Ra3 Kc4 60.
Rxc3+ Bxc3+ 61. Kc2 Ba5 62. Be1 Bd8 63. h4 Kxb5 64. Kd3 Kxc6 65. Ke4 Kc5 66.
Kxf4 Kd4 67. Kf3 Kd3 68. g4 e2 69. g5 Be7 70. g6 Bf8 71. h5 Bg7 72. Kg4 Bh6 73.
Kf5 Bd2 74. Bh4 Bh6 75. Kf6 Ke4 76. g7 1-0

[Event "chess.com Speed"]
[Site "Chess.com INT"]
[Date "2020.01.05"]
[Round "3.13"]
[White "Nakamura, Hikaru"]
[Black "Nepomniachtchi, Ian"]
[Result "1/2-1/2"]
[WhiteElo "2745"]
[BlackElo "2776"]
[PlyCount "93"]
[EventDate "2019.09.02"]
[EventType "k.o. (blitz)"]
[EventRounds "4"]
[EventCountry "USA"]
[SourceTitle "CBM 195 Extra"]
[Source "ChessBase"]
[SourceDate "2020.05.31"]
[SourceVersion "1"]
[SourceVersionDate "2020.05.31"]
[SourceQuality "1"]

1. e4 c5 2. Nf3 d6 3. Bb5+ Nd7 4. Ba4 Ngf6 5. O-O e6 6. Re1 a6 7. c3 b5 8. Bc2
c4 9. a4 Bb7 10. d4 cxd3 11. Qxd3 Nc5 12. Qe2 bxa4 13. Be3 Nfd7 14. Bd4 e5 15.
Bxc5 Nxc5 16. Rxa4 Be7 17. Ra2 O-O 18. Nbd2 a5 19. Rea1 Qc7 20. Nb3 Nxb3 21.
Bxb3 Rfb8 22. Bc4 g6 23. Qd3 Kg7 24. Bd5 Bxd5 25. Qxd5 a4 26. g3 Ra5 27. Qd3
Rab5 28. Rxa4 Rxb2 29. Ra7 R8b7 30. Rxb7 Qxb7 31. Nd2 Qb6 32. Rf1 Ra2 33. h4 h5
34. Nc4 Qa6 35. Rd1 Ra4 36. Nxd6 Bxd6 37. Qxd6 Qxd6 38. Rxd6 Rxe4 39. Rc6 Re2
40. c4 Rc2 41. c5 e4 42. Kf1 Kf8 43. Rc7 Ke8 44. c6 Kf8 45. Ke1 Kg7 46. Re7
Rxc6 47. Rxe4 1/2-1/2

[Event "chess.com Speed"]
[Site "Chess.com INT"]
[Date "2020.01.05"]
[Round "3.19"]
[White "Nakamura, Hikaru"]
[Black "Nepomniachtchi, Ian"]
[Result "1/2-1/2"]
[WhiteElo "2745"]
[BlackElo "2776"]
[PlyCount "113"]
[EventDate "2019.09.02"]
[EventType "k.o. (blitz)"]
[EventRounds "4"]
[EventCountry "USA"]
[SourceTitle "CBM 195 Extra"]
[Source "ChessBase"]
[SourceDate "2020.05.31"]
[SourceVersion "1"]
[SourceVersionDate "2020.05.31"]
[SourceQuality "1"]

1. e4 c5 2. Nf3 d6 3. Bb5+ Nd7 4. O-O a6 5. Bd3 Ngf6 6. c3 b5 7. Bc2 Bb7 8. d3
g6 9. Nbd2 Bg7 10. Re1 O-O 11. Nf1 e5 12. Ng3 d5 13. Qe2 h6 14. h3 Re8 15. Bd2
c4 16. dxc4 dxc4 17. Be3 Qc7 18. Nh2 Nc5 19. Ng4 Nxg4 20. hxg4 Rad8 21. Rad1
Bc8 22. f3 Be6 23. Qf2 Bf8 24. Kh2 a5 25. Rh1 f6 26. a3 Nd3 27. Bxd3 cxd3 28.
Bb6 Qc6 29. Bxd8 Rxd8 30. Qe3 Bc4 31. Nf1 Rd7 32. Qd2 Bb3 33. Re1 a4 34. Ne3
Bc4 35. Kg3 Rh7 36. Rd1 Bc5 37. Nd5 Bxd5 38. exd5 Qd6 39. Kh3 h5 40. g5 Qd7+
41. Kh2 e4 42. fxe4 Bd6+ 43. Kg1 Qa7+ 44. Kf1 fxg5 45. Rh3 g4 46. Re3 Rf7+ 47.
Kg1 Bc5 48. Rde1 Qc7 49. Qxd3 Qg3 50. e5 Qf2+ 51. Kh1 Qh4+ 52. Kg1 g3 53. Qxg6+
Kf8 54. Qh6+ Kg8 55. Qg6+ Rg7 56. Qe6+ Rf7 57. Qg6+ 1/2-1/2

[Event "chess.com Speed"]
[Site "Chess.com INT"]
[Date "2020.01.05"]
[Round "3.24"]
[White "Nepomniachtchi, Ian"]
[Black "Nakamura, Hikaru"]
[Result "1/2-1/2"]
[WhiteElo "2776"]
[BlackElo "2745"]
[PlyCount "183"]
[EventDate "2019.09.02"]
[EventType "k.o. (blitz)"]
[EventRounds "4"]
[EventCountry "USA"]
[SourceTitle "CBM 195 Extra"]
[Source "ChessBase"]
[SourceDate "2020.05.31"]
[SourceVersion "1"]
[SourceVersionDate "2020.05.31"]
[SourceQuality "1"]

1. e4 g6 2. d4 Bg7 3. Nc3 c6 4. Nf3 d5 5. h3 dxe4 6. Nxe4 Nf6 7. Bd3 Nxe4 8.
Bxe4 Bf5 9. Bxf5 Qa5+ 10. c3 Qxf5 11. O-O O-O 12. Re1 Re8 13. Qb3 Qb5 14. Bf4
Nd7 15. Qc2 a5 16. Ne5 Nxe5 17. Bxe5 a4 18. a3 Qb3 19. Qd2 f6 20. Bg3 Rad8 21.
Qe2 Kf7 22. Rad1 e6 23. Rd3 b5 24. Rf3 Qd5 25. Be5 Rf8 26. Qe3 Kg8 27. Bc7 Rde8
28. Bh2 Rf7 29. Qe2 Rfe7 30. Re3 Bh6 31. Re4 Bg7 32. Bf4 Kf7 33. h4 h6 34. g3
g5 35. Qh5+ Kg8 36. Bc1 Rf8 37. Qg6 Qd7 38. hxg5 hxg5 39. Qh5 f5 40. R4e2 g4
41. Bg5 Bf6 42. Bh6 Qe8 43. Qh1 Rff7 44. f4 gxf3 45. Qxf3 Rh7 46. Bf4 Qd7 47.
Be5 Bxe5 48. Rxe5 Rh6 49. Qf4 Rg6 50. Kf2 Rh7 51. Rg1 Rh2+ 52. Rg2 Qh7 53. Re1
Qh3 54. Reg1 Rxg2+ 55. Rxg2 Qh6 56. Qb8+ Kh7 57. Qc7+ Rg7 58. Qe5 Qd2+ 59. Kf1
Qc1+ 60. Qe1 Qxe1+ 61. Kxe1 Kg6 62. Re2 Kf6 63. Kf2 Rh7 64. Kg2 Rd7 65. Re5 Rd5
66. Rxd5 cxd5 67. Kf3 Kg5 68. Kf2 Kg4 69. Kg2 Kh5 70. Kf3 Kg5 71. Kg2 Kg4 72.
Kf2 f4 73. gxf4 Kxf4 74. Ke2 Ke4 75. Kd2 Kf3 76. Kd3 Kf4 77. Kd2 Kg3 78. Ke3
Kg4 79. Ke2 Kf4 80. Kf2 Kg5 81. Kg3 Kf5 82. Kf3 e5 83. dxe5 Kxe5 84. Ke3 Ke6
85. Kd3 Kd7 86. Ke2 Kc6 87. Ke3 Kc5 88. Kd3 Kc6 89. Ke2 Kd6 90. Kd2 Ke6 91. Kd3
Ke7 92. Kd4 1/2-1/2

[Event "PRO League Stage"]
[Site "Chess.com INT"]
[Date "2020.02.17"]
[Round "7"]
[White "Nakamura, Hikaru"]
[Black "Giri, Anish"]
[Result "1/2-1/2"]
[WhiteElo "2736"]
[BlackElo "2768"]
[PlyCount "109"]
[EventDate "2020.01.06"]
[EventType "team-swiss (rapid)"]
[EventRounds "7"]
[EventCountry "USA"]
[SourceTitle "CBM 194 Extra"]
[Source "ChessBase"]
[SourceDate "2020.03.31"]
[SourceVersion "1"]
[SourceVersionDate "2020.03.31"]
[SourceQuality "1"]
[WhiteTeam "New York Marshalls"]
[BlackTeam "Canada Chessbrahs"]
[WhiteTeamCountry "USA"]
[BlackTeamCountry "CAN"]

1. e4 e5 2. Nc3 Nf6 3. Bc4 Nc6 4. d3 Bb4 5. Nge2 d5 6. exd5 Nxd5 7. O-O Be6 8.
a3 Bxc3 9. bxc3 O-O 10. Bxd5 Qxd5 11. Be3 b6 12. Qd2 Rad8 13. Ng3 f5 14. f4 e4
15. c4 Qa5 16. Rfd1 Qxd2 17. Rxd2 Na5 18. Rad1 c5 19. dxe4 Rxd2 20. Bxd2 Nxc4
21. exf5 Bc8 22. Bc1 h6 23. Kf2 Kh7 24. h3 a5 25. c3 a4 26. h4 Kg8 27. h5 Rf7
28. Rd8+ Rf8 29. Rd5 Rf7 30. Rd8+ Rf8 31. Rd3 Rf7 32. Kf3 Rd7 33. Rxd7 Bxd7 34.
f6 gxf6 35. Nf1 f5 36. Ne3 Nd6 37. c4 Be6 38. Bb2 Nxc4 39. Nxc4 Bxc4 40. Be5
Bd5+ 41. Kf2 Bf7 42. Bc7 b5 43. Bd6 c4 44. Ke3 Bxh5 45. Kd4 Kf7 46. g3 Bf3 47.
Bb4 Kg6 48. Kc3 Kh5 49. Bf8 Bc6 50. Kb4 Be8 51. Kc3 Kg6 52. Kd4 h5 53. Kc3 Kf7
54. Bb4 Ke6 55. Kd4 1/2-1/2

[Event "Carlsen Inv Prelim"]
[Site "chess24.com INT"]
[Date "2020.04.20"]
[Round "2.3"]
[White "Nakamura, Hikaru"]
[Black "Giri, Anish"]
[Result "1/2-1/2"]
[WhiteElo "2736"]
[BlackElo "2764"]
[PlyCount "81"]
[EventDate "2020.04.18"]
[EventType "tourn (rapid)"]
[EventRounds "7"]
[EventCountry "USA"]
[EventCategory "22"]
[SourceTitle "CBM 196"]
[Source "ChessBase"]
[SourceDate "2020.06.30"]
[SourceVersion "1"]
[SourceVersionDate "2020.06.30"]
[SourceQuality "1"]

1. d4 d5 2. c4 c6 3. cxd5 cxd5 4. Bf4 Nc6 5. e3 Nf6 6. Nc3 Bf5 7. Qb3 Na5 8.
Qa4+ Bd7 9. Qc2 e6 10. Bd3 Bb4 11. Nge2 O-O 12. O-O Rc8 13. Rac1 h6 14. h3 b5
15. Qb1 Nc4 16. Rfd1 Qa5 17. Be5 Be7 18. Bxc4 Rxc4 19. Bxf6 Bxf6 20. Nf4 Rfc8
21. Nd3 b4 22. Ne2 Rxc1 23. Nexc1 Ba4 24. Nb3 Bxb3 25. axb3 Qb5 26. Rd2 Rc6 27.
Qd1 Be7 28. Rc2 Bd6 29. Qc1 Rxc2 30. Qxc2 g6 31. g4 Kg7 32. Kg2 Qb7 33. f4 a5
34. h4 Qc7 35. Qf2 f5 36. g5 h5 37. Qe2 Kf7 38. Qd2 Ke7 39. Ne1 Qc6 40. Qd1 Kd7
41. Nd3 1/2-1/2

[Event "Carlsen Inv Prelim"]
[Site "chess24.com INT"]
[Date "2020.04.22"]
[Round "3.4"]
[White "Nakamura, Hikaru"]
[Black "Firouzja, Alireza"]
[Result "1-0"]
[WhiteElo "2736"]
[BlackElo "2728"]
[PlyCount "37"]
[EventDate "2020.04.18"]
[EventType "tourn (rapid)"]
[EventRounds "7"]
[EventCountry "USA"]
[EventCategory "22"]
[SourceTitle "CBM 196"]
[Source "ChessBase"]
[SourceDate "2020.06.30"]
[SourceVersion "1"]
[SourceVersionDate "2020.06.30"]
[SourceQuality "1"]

1. e4 d5 2. exd5 Qxd5 3. Nc3 Qa5 4. b4 Qxb4 5. Rb1 Qd6 6. d4 Qd8 7. Bc4 Nf6 8.
Nf3 e6 9. O-O Be7 10. Ne5 O-O 11. Re1 c5 12. d5 exd5 13. Nxd5 Be6 14. Nxf7 Kxf7
15. Rxe6 Kxe6 16. Nxf6+ Kxf6 17. Qf3+ Ke5 18. Qg3+ Kd4 19. Bb2+ 1-0

[Event "Carlsen Inv Prelim"]
[Site "chess24.com INT"]
[Date "2020.04.24"]
[Round "4.3"]
[White "Nakamura, Hikaru"]
[Black "Nepomniachtchi, Ian"]
[Result "1/2-1/2"]
[WhiteElo "2736"]
[BlackElo "2784"]
[PlyCount "80"]
[EventDate "2020.04.18"]
[EventType "tourn (rapid)"]
[EventRounds "7"]
[EventCountry "USA"]
[EventCategory "22"]
[SourceTitle "CBM 196"]
[Source "ChessBase"]
[SourceDate "2020.06.30"]
[SourceVersion "1"]
[SourceVersionDate "2020.06.30"]
[SourceQuality "1"]

1. e4 c5 2. Nf3 d6 3. Bb5+ Nd7 4. Ba4 Ngf6 5. O-O a6 6. c4 e5 7. d3 g6 8. Nc3
Bg7 9. a3 O-O 10. b4 h6 11. Rb1 Qc7 12. Bd2 b6 13. Ne1 Nb8 14. Nc2 Nc6 15. bxc5
bxc5 16. Bxc6 Qxc6 17. Ne3 Ra7 18. Ncd5 Nh5 19. Rb6 Qd7 20. Rb8 Rb7 21. Nb6 Qe6
22. Rxc8 Rxc8 23. Nxc8 Qxc8 24. Nd5 Kh7 25. Qa4 Rb2 26. Bc3 Rb8 27. Bd2 Nf6 28.
Nc3 Nd7 29. Qc2 h5 30. Rb1 Bh6 31. Be1 Nf8 32. Nd5 Ne6 33. Bc3 Nf4 34. Nxf4
Bxf4 35. Rxb8 Qxb8 36. Qb2 Qxb2 37. Bxb2 Kg7 38. h3 Kf6 39. Bc3 Bc1 40. a4 Ke6
1/2-1/2